Statistiken für Hauptstädte von Skandinavien

Klicken Sie hier um das Quiz zu spielen!

Allgemein

  • Dieses Quiz wurde 147 mal gespielt
  • Das Durchschnittsergebnis liegt bei 5 aus 5

Antwortstatistiken

HintAntwort% Korrekt
SchwedenStockholm
100%
FinnlandHelsinki
99%
NorwegenOslo
99%
DänemarkKopenhagen
98%
IslandReykjavík
88%

Verteilung der Resultate

Perzentil nach korrekt beantworteten Fragen

Anzahl Personen mit jedem Resultat

Ihre Resultats-Entwicklung

Sie haben dieses Quiz noch nicht gespielt